Sporcling with Pride Quiz Stats

 Plays Quiz Updated Jun 26, 2020

Support Sporcle.
Go Orange.
Score 0/15 Timer 04:00
2 Plays Today
Question Answer Wrong Answers
MOVIES
One of the first movies to acknowledge homophobia, starring Tom Hanks and Denzel Washington, takes place in which US city that lends its name to the film title?
Philadelphia
84.6%
Boston
5.5%
Atlanta
6.3%
LANGUAGE
This term is defined as 'not limited in sexual choice with regard to biological sex, gender, or gender identity.'
Pansexual
84%
Transsexual
4.3%
Bisexual
3.6%
HOLIDAY
In commemoration of the Stonewall Riots, the US celebrates LGBT Pride in what month?
June
78.2%
May
4.5%
July
7.6%
JUST FOR FUN
Which of these mixed words can be unscrambled to form the 2019 Merriam-Webster Word of the Year, a non-binary pronoun?
HETY
76.8%
TAHE
9.2%
YETI
8.4%
GEOGRAPHY
The 1969 Stonewall Riots started in what Manhattan neighborhood?
Greenwich Village
75%
Soho
19%
Times Square
5.3%
SPORTS
This former Nets center became first openly gay player in the NBA when he came out in 2013
Jason Collins
72.9%
Brook Lopez
18.1%
Nenad Krstić
8.4%
SCIENCE
This American scientist developed a 0-6 scale measuring sexual orientation
Alfred Kinsey
70.2%
Ruth Westheimer
11.7%
Beverly Whipple
9.6%
TELEVISION
In 1997, this television program became the first to feature an openly gay lead character
Ellen
56.8%
Sex and the City
4.2%
Will & Grace
34.4%
LITERATURE
This play, considered the definitive dramatic work of the AIDS era, won the Tony Award for both Best Play (1993) and Best Revival of a Play (2018)
Angels in America
56.1%
Love! Valour! Compassion!
11.8%
The Boys in the Band
24.3%
MISCELLANEOUS
Gilbert Baker designed and stitched the Rainbow Flag in what year?
1978
51%
1984
31.7%
1991
10.7%
GAMING
This video game's E3 trailer caused waves when it showed the female lead character kissing another woman
The Last of Us 2
42.7%
Shadow of the Tomb Raider
42.4%
Wolfenstein Young Blood
6%
ENTERTAINMENT
What Tony Award-winning musical chronicles the relationship between a lesbian cartoonist and her closeted gay father?
Fun Home
39.6%
Kinky Boots
32.1%
La Cage Aux Folles
19.2%
MUSIC
Transgender singer Laura Jane Grace is the front-woman for what rock band?
Against Me!
38.6%
L7
26.2%
Girlpool
33.2%
RELIGION
In 2016, this Christian denomination ordained its first gay and lesbian clergy
United Methodist Church
37%
United Church of Christ
16.6%
Episcopal Church of the U.S.
36.8%
HISTORY
In 1961, this was the first US State to decriminalize homosexuality
Illinois
18.1%
New York
24.1%
California
50.7%

You're not logged in!

Compare scores with friends on all Sporcle quizzes.
OR
Log In
Forgot?

From the Vault

Hidden Odd One Out: Animals

by khake43

It's not odd for animals to be hidden. Natural camouflage is quite common!
Remove Ads.
Support Sporcle.
Get the best of Sporcle when you Go Orange. This ad-free experience offers more features, more stats, and more fun while also helping to support Sporcle. Thank you for becoming a member.

Show Comments

Extras

Top Quizzes Today


Score Distribution

Your Account Isn't Verified!

In order to create a playlist on Sporcle, you need to verify the email address you used during registration. Go to your Sporcle Settings to finish the process.

Report this User

Report this user for behavior that violates our Community Guidelines.

Details: